00746nam a22002417a 4500001000400000003001000004005001700014008004100031035001400072040003500086041000800121082002500129100002300154245004800177250001200225260005900237300003400296490003500330504002100365526001500386650002700401856007600428129(BD-RjUL)20211208233123.0131118s 1948xxua 001 0 eng d a(BD-RjUL) aBD-RjULbengcBD-RjULdBD-RjUL aeng 222a370.15bSOP 19481 aSorenson, Herbert.1 aPsychology in Education /cHerbert Sorenson a2nd ed. aNewYork ; aLondon :bMcGraw-Hill Book Company,cc1948 axiv, 535 p. :bill. ;c23 cm. aMcGraw-Hill Seris in Education aIncludes Indexs. bPsychology aEducational psychology uhttp://www.worldcat.org/search?q=Psychology+in+education.&qt=owc_search